Monuments et lieux de Paris en images - Statistiques

Statistiques générales
  • Ce quiz a été pris 440 fois
  • Le résultat moyen est 26 sur 50
Statistiques - réponses
Par images Hint Réponse % Correct
ADT Arc de triomphe
100%
C Catacombes
86%
CE Champs-Elysées
85%
CP Centre Pompidou
82%
TE Tour Eiffel
81%
MR Moulin rouge
80%
ND Notre-Dame
80%
M Métro
79%
SC Sacré Coeur
76%
P Panthéon
74%
OG Opéra Garnier
71%
ADLD Arche de la Défense
70%
PDL Pyramide du Louvre
70%
PDLE Palais de l'Elysée
68%
HDV Hôtel de ville
67%
I Invalides
66%
PN Pont neuf
66%
GDN Gare du nord
65%
CDPL Cimetière du Père Lachaise
64%
GM Gare Montparnasse
60%
GP Grand Palais
60%
T Trocadéro
60%
CSM Canal St Martin
59%
MDO Musée d'Orsay
56%
HM Hôtel Matignon
53%
TDN Tombeau de Napoléon
50%
BFM Bibliothèque François Mitterrand
49%
PA Pont Alexandre III
47%
CV Colonne Vendôme
44%
EDLM Eglise de La Madeleine
44%
G Géode
42%
PDJ Palais de Justice
42%
PDL Palais du Luxembourg
42%
SC Sainte Chapelle
42%
TSJ Tour St Jacques
41%
C Conciergerie
40%
PP Petit Palais
40%
ADL Arènes de Lutèce
38%
ODL Obélisque de Louxor
37%
ESGDP Eglise St Germain des Prés
36%
PDV Place des Vosges
35%
FSM Fontaine St Michel
32%
CDJ Colonne de juillet
27%
EM Ecole militaire
27%
LDB Lion de Belfort
26%
PB Palais Bourbon
24%
FSS Fontaine Saint-Sulpice
22%
ADC Arc du carrousel
21%
ESP Eglise St Sulpice
19%
CDM Chevaux de Marly
7%
Aucun quiz correspondant
Distribution des résultats
% des personnes avec chaque résultat
Percentile par nombre de réponses
Votre historique - résultats
Vous n’avez pas pris ce quiz